000 00455nam a22001937a 4500
003 MPLRDC
005 20220104143917.0
008 210129b ||||| |||| 00| 0 eng d
020 _a957-693-297-1
082 _a523.3 YQG
100 _a游乾桂
245 _a寻找回园小学
_c
250 _a初版
260 _a
_b张老师文化
_c1998
300 _b
490 _a亲子系列. 12
650 _a小学教学法
942 _cBK
_o523.3 YQG
999 _c44553
_d44543